[Event "TCh-CAT Div Hon"]
[Site "Barcelona ESP"]
[Date "2011.03.12"]
[Round "7"]
[White "Lopez Martinez,Josep"]
[Black "Vila Gazquez,X"]
[Result "1/2-1/2"]
[WhiteElo "2528"]
[BlackElo "2488"]

1.e4 c5 2.Nf3 e6 3.d4 cxd4 4.Nxd4 a6 5.Bd3 Nf6 6.O-O Qc7 7.Qe2 Bc5 8.Nb3 Be7
9.a4 d6 10.a5 Nbd7 11.f4 O-O 12.Kh1 e5 13.Nc3 exf4 14.Bxf4 Ne5 15.Nd4 Bg4
16.Qe1 Be6 17.Qd2 Ng6 18.Bg5 Ng4 19.Nd5 Bxd5 20.exd5 N4e5 21.Bxg6 hxg6 22.Bxe7 Qxe7
23.b3 Rfe8 24.Rae1 Rac8  1/2-1/2

[Event "UT Dallas GM Invitational"]
[Site "Richardson USA"]
[Date "2011.03.12"]
[Round "1"]
[White "Robson,R"]
[Black "Zivanic,M"]
[Result "1/2-1/2"]
[WhiteElo "2522"]
[BlackElo "2497"]

1.e4 c5 2.Nf3 e6 3.d4 cxd4 4.Nxd4 a6 5.Bd3 Bc5 6.Nb3 Be7 7.O-O d6 8.c4 b6
9.Nc3 Bb7 10.f4 Nd7 11.Qe2 Ngf6 12.Bd2 O-O 13.Rae1 Rc8 14.Rf3 g6 15.Rh3 h5
16.Rg3 Re8 17.f5 Ng4 18.fxg6 fxg6 19.Bf4 Bg5 20.Rxg4 hxg4 21.Bxd6 e5 22.Qxg4 Kg7
23.Nd5 Nf6 24.Qxg5 Qxd6 25.Nd4 exd4 26.e5 Nh7 27.Qg3 Qe6 28.Nf4 Qe7 29.Qxg6+ Kh8
30.Qxb6 Rc6 31.Qxc6 Bxc6 32.Ng6+ Kg7 33.Nxe7 Rxe7 34.b4 Ng5 35.a4 Bxa4 36.Ra1 Bc6
37.Rxa6 Nf7 38.Rxc6 Nxe5 39.Rd6 Nxd3 40.h3 Re1+ 41.Kh2 Nxb4 42.Rxd4 Nc6 43.Rd7+ Ne7
44.c5 Kf6 45.Rd6+ Ke5 46.Rh6 Rc1 47.Rh5+ Ke4 48.Rh4+ Ke5 49.Rh5+ Kd4 50.Rg5 Nd5
51.h4 Rxc5 52.Rg4+ Ke5 53.Rg5+ Kf4 54.Kh3 Ke4 55.h5 Rc1 56.Rg7 Nf6 57.Kh4 Kf5
58.Rg5+ Ke6 59.Ra5 Rh1+ 60.Kg3 Nxh5+ 61.Kf3 Nf6 62.Ra6+ Ke5 63.Ra5+ Nd5 64.g3 Rf1+
65.Kg4 Rf8 66.Ra3 Rf7 67.Ra5 Rf1 68.Kg5 Rd1 69.Ra3 Ke4 70.Ra4+ Kf3 71.g4 Ne3
72.Rb4 Rd5+ 73.Kf6 Nxg4+ 74.Ke6 Rd3 75.Ra4 Ne3 76.Ke5 Rd5+ 77.Ke6 Rb5 78.Rd4 Ng2
79.Ra4 Nf4+ 80.Kd6 Kg4 81.Kc6 Re5 82.Rb4 Re6+ 83.Kc5 Kf5 84.Rb1 Re8 85.Rf1 Rd8
86.Kc4 Rd2 87.Kc5 Ke4 88.Re1+ Ne2 89.Rh1 Rc2+ 90.Kd6 Nf4 91.Re1+ Kf5 92.Re5+ Kf6
93.Re1 Rd2+ 94.Kc6 Ng6 95.Kc5 Rd8 96.Rh1 Ke6 97.Rh6 Kf5 98.Rh1 Nf4 99.Kc4 Ng2
100.Rh2 Ne3+ 101.Kc5 Ke5 102.Rh5+ Nf5 103.Kc4 Ke4 104.Kc5 Rc8+ 105.Kb6 Rc1
106.Rh2 Ke5 107.Rh5 Rc2 108.Kb5 Ke4 109.Kb6 Ng7 110.Rc5 Rb2+ 111.Rb5  1/2-1/2

[Event "ch-PriFO A"]
[Site "Tolyatti RUS"]
[Date "2011.03.12"]
[Round "3.11"]
[White "Zuykov,A1"]
[Black "Tunik,G"]
[Result "1/2-1/2"]
[WhiteElo "2270"]
[BlackElo "2436"]

1.e4 c5 2.Nf3 e6 3.d4 cxd4 4.Nxd4 a6 5.Bd3 Bc5 6.Nb3 Be7 7.Be3 d6 8.O-O Nf6
9.c4 b6 10.Nc3 Bb7 11.f4 Nbd7 12.a4 O-O 13.a5 Rb8 14.axb6 Nxb6 15.Na5 Ba8
16.Kh1 Qc7 17.Qe2 Nbd7 18.Bd4 g6 19.b3 Rfe8 20.e5 dxe5 21.fxe5 Nh5 22.Be4 Bc5
23.Bxc5 Qxc5 24.Bxa8 Rxa8 25.Rfe1 Qc7 26.b4 f6 27.exf6 Ndxf6 28.Ne4 e5 29.c5 Kg7
30.Nxf6 Nxf6 31.Nc4 Re6 32.Nd6 Qc6 33.Qb2 e4 34.Rf1 e3 35.Rae1 Rf8 36.Nc4 Rfe8
37.Nd6 Rf8 38.Nc4 Rfe8 39.Nd6 Rf8  1/2-1/2

[Event "ch-Moscow S/F 2011"]
[Site "Moscow RUS"]
[Date "2011.03.13"]
[Round "1"]
[White "Iljiushenok,I"]
[Black "Golubov,Saveliy"]
[Result "1-0"]
[WhiteElo "2424"]
[BlackElo "2038"]

1.e4 c5 2.Nf3 e6 3.d4 cxd4 4.Nxd4 a6 5.Bd3 Bc5 6.Nb3 Ba7 7.O-O Nc6 8.Qe2 d6
9.Be3 Nf6 10.c4 Bxe3 11.Qxe3 O-O 12.Nc3 Qc7 13.Rac1 Ne5 14.Rfd1 b6 15.f4 Ng6
16.g3 Bb7 17.Be2 Rad8 18.Bf3 Rfe8 19.Qf2 Nd7 20.Nd2 Rc8 21.b4 Red8 22.h4 Ne7
23.Qe3 Kh8 24.Be2 Nf6 25.Nb3 Kg8 26.Bf3 Rb8 27.Qd3 Rbc8 28.Qe3 Rb8 29.Be2 Kh8
30.a4 Ba8 31.Rd2 Ne8 32.Kf2 Kg8 33.g4 Kh8 34.h5 Qb7 35.h6 g6 36.Nd4 Nf6 37.Bf3 e5
38.fxe5 dxe5 39.Qg5 Neg8 40.Qxe5 Re8 41.Qf4 Qe7 42.g5 Nd7 43.Nd5 Bxd5 44.exd5 Qxb4
45.Nc6 Qc5+ 46.Kg2 Rb7 47.Qxf7 Qf8 48.Qxf8 Rxf8 49.d6 Nc5 50.Ne5 Rbb8 51.Bd5 Nb3
52.Rf2 Nxc1 53.Rxf8 Rxf8 54.Nf7+  1-0

[Event "TCh-SVK Extraliga 2010-11"]
[Site "Slovakia SVK"]
[Date "2011.03.13"]
[Round "8.5"]
[White "Franzen,Joz"]
[Black "Rigo,Z"]
[Result "0-1"]
[WhiteElo "2321"]
[BlackElo "2389"]

1.e4 c5 2.Nf3 e6 3.d4 cxd4 4.Nxd4 a6 5.Bd3 Bc5 6.Nb3 Ba7 7.Qe2 Nc6 8.Be3 d6
9.O-O Nge7 10.Nc3 e5 11.Bc4 O-O 12.Rad1 b5 13.Bd5 Bb7 14.a3 Bxe3 15.Qxe3 Rb8
16.Bxc6 Bxc6 17.Qd2 Nc8 18.Nd5 Bxd5 19.Qxd5 Qc7 20.c3 Rd8 21.Nc1 Nb6 22.Qd2 d5
23.Qe2 dxe4 24.Qxe4 Nc4 25.Nd3 f6 26.Rfe1 Rd6 27.Qe2 Rbd8 28.Nb4 a5 29.Rxd6 Qxd6
30.Nc2 Qd2 31.Ne3 Nxb2 32.Kf1 Qxe2+ 33.Kxe2 Na4 34.Rc1 Kf7 35.c4 b4 36.axb4 axb4
37.Nd5 b3 38.Kd3 Nb6 39.Rb1 Nxd5 40.cxd5 Rxd5+ 41.Kc3 Rc5+ 42.Kxb3 Rb5+ 43.Kc2 Rxb1
44.Kxb1 Ke6 45.Kc2 Kd5 46.Kd3 f5 47.Ke3 g5 48.Kd3 e4+ 49.Kc3 Kc5 50.Kc2 Kd4
51.Kd2 f4 52.Ke2 Kc3 53.Kd1 Kd3 54.Ke1 f3 55.gxf3 exf3 56.Kd1 g4 57.Ke1 Kc2
58.Kf1 Kd2  0-1

[Event "ch-Southern FR Men"]
[Site "Armavir RUS"]
[Date "2011.03.14"]
[Round "3"]
[White "Bryzgalin,K"]
[Black "Sukhareva,E"]
[Result "1-0"]
[WhiteElo "2461"]
[BlackElo "2180"]

1.e4 c5 2.Nf3 e6 3.d4 cxd4 4.Nxd4 a6 5.Bd3 Qc7 6.O-O Nf6 7.Qe2 d6 8.Kh1 Be7
9.f4 Nbd7 10.c4 b6 11.Nc3 Bb7 12.Nf3 O-O 13.Bd2 g6 14.Rae1 Rac8 15.b3 Rfe8
16.Ng5 Nh5 17.Qg4 Bf6 18.Qh3 Bg7 19.f5 exf5 20.exf5 Rxe1 21.Rxe1 Ndf6 22.Nce4 h6
23.fxg6 hxg5 24.Nxg5 Qc6 25.gxf7+ Kh8 26.Be4 d5 27.Bf3 Bh6 28.Bc3 Bxg5 29.Qxh5+  1-0

[Event "ch-PriFO A"]
[Site "Tolyatti RUS"]
[Date "2011.03.14"]
[Round "5.14"]
[White "Vasiliev,Vladis"]
[Black "Davydov,S1"]
[Result "0-1"]
[WhiteElo "2206"]
[BlackElo "2325"]

1.e4 c5 2.Nf3 e6 3.d4 cxd4 4.Nxd4 a6 5.Bd3 Nf6 6.Nc3 Qc7 7.Qe2 d6 8.g4 b5
9.g5 Nfd7 10.Be3 Nc5 11.O-O-O b4 12.Nb1 Bb7 13.Nd2 Nbd7 14.Kb1 d5 15.f3 dxe4
16.Nxe4 Nxe4 17.fxe4 Be7 18.Rhg1 Nc5 19.Nf3 O-O 20.Bd4 Rac8 21.Bf6 Rfd8 22.Ne5 Nxd3
23.Nxd3 a5 24.Rc1 Kh8 25.Bxe7 Qxe7 26.Qe3 Rc4 27.Rg4 Qc7 28.Rh4 Kg8 29.g6 h6
30.gxf7+ Qxf7 31.Rg4 Qh5 32.Rcg1 Rd7 33.Qe2 Kh8 34.Ne5 Rxc2 35.Ng6+ Qxg6
36.Qxc2 Qh5 37.Qf2 Qe5 38.Qe2 a4 39.Rh4 a3 40.Qg2 Kg8 41.Rg4 h5 42.Rh4 Rd4
43.Rxh5 Bxe4+ 44.Ka1 axb2+ 45.Qxb2 Qd6 46.Rc1 Rd2 47.Rc8+ Kf7 48.Rc7+ Kg6
49.Qxg7+ Kxh5 50.Qh8+ Kg5 51.Rg7+ Bg6 52.Rxg6+ Kxg6 53.Qg8+ Kf6 54.Qh8+ Ke7
55.Qg7+ Kd8 56.Qg8+ Kc7 57.Qf7+ Kb6  0-1

[Event "ch-PriFO A"]
[Site "Tolyatti RUS"]
[Date "2011.03.14"]
[Round "5.8"]
[White "Filipenko,A"]
[Black "Tunik,G"]
[Result "1-0"]
[WhiteElo "2344"]
[BlackElo "2436"]

1.e4 c5 2.Nf3 e6 3.d4 cxd4 4.Nxd4 a6 5.Bd3 Nf6 6.O-O d6 7.c4 b6 8.Nc3 Bb7
9.f4 g6 10.f5 gxf5 11.exf5 Rg8 12.Nf3 e5 13.Bg5 Nbd7 14.Bxf6 Nxf6 15.Qe1 Be7
16.Rd1 Qc7 17.Kh1 Kf8 18.Nd5 Bxd5 19.cxd5 Qb7 20.Nd2 Rg4 21.Be4 Kg8 22.h3 Rg7
23.Bf3 Kh8 24.Ne4 Rc8 25.Rc1 Rgg8 26.Rc6 Rxc6 27.dxc6 Qc7 28.Nxf6 Bxf6 29.Bd5 b5
30.b4 h6 31.g3 Kh7 32.Kh2 Re8 33.Qe4 Rg8 34.Rc1 h5 35.Rc2 Kh6 36.Qe3+ Bg5
37.Qf3 h4 38.gxh4 Bf4+ 39.Kh1 Rg3 40.Qf1 Kh5 41.Rf2 Be3 42.Qe2+ Kh6 43.Rf3 Rxf3
44.Qxf3 Bf4 45.Qf2 Qc8 46.Qc2 Qd8 47.f6 Qxf6 48.c7 e4 49.c8=Q Be3 50.Qd1  1-0

[Event "ch-PriFO A"]
[Site "Tolyatti RUS"]
[Date "2011.03.15"]
[Round "6.3"]
[White "Voitsekhovsky,S"]
[Black "Shaposhnikov,E"]
[Result "0-1"]
[WhiteElo "2553"]
[BlackElo "2532"]

1.e4 c5 2.Nf3 e6 3.d4 cxd4 4.Nxd4 a6 5.Bd3 g6 6.c4 Bg7 7.Nb3 d6 8.O-O Nf6
9.Nc3 O-O 10.Be2 Nc6 11.Bf4 Ne5 12.c5 Ne8 13.Na4 Bd7 14.Nb6 Rb8 15.Qc2 Bc6
16.Na5 Qc7 17.Rfd1 Rd8 18.Nxc6 Qxc6 19.Rac1 Bf6 20.Be3 g5 21.b4 dxc5 22.Bxc5 Nd6
23.f3 Rfe8 24.a4 Qc7 25.Be3 Qe7 26.Qc7 Qf8 27.Rd2 Rc8 28.Nxc8 Rxc8 29.Qxd6 Rxc1+
30.Bf1 Qxd6 31.Rxd6 Rb1 32.Bc5 Be7 33.Rd4 Bxc5 34.bxc5 Kf8 35.Kf2 Ke7 36.Be2 a5
37.g3 Rc1 38.f4 gxf4 39.gxf4 Nd7 40.e5 Nxc5 41.Bb5 Rc3 42.Kg2 Rb3 43.Kf2 Rb2+
44.Kg3 Rb4 45.Rd1 b6 46.Ra1 Ne4+ 47.Kg4 Nc3 48.Bd3 Rxa4 49.Rxa4 Nxa4 50.Bxh7 Nc3
51.f5 a4 52.f6+ Kf8  0-1

[Event "ch-PriFO A"]
[Site "Tolyatti RUS"]
[Date "2011.03.15"]
[Round "6.28"]
[White "Tsarukian,E"]
[Black "Derbenev,A"]
[Result "0-1"]
[WhiteElo "2201"]
[BlackElo "2373"]

1.e4 c5 2.Nf3 e6 3.d4 cxd4 4.Nxd4 a6 5.Bd3 Qb6 6.c3 Nc6 7.Nxc6 Qxc6 8.O-O d6
9.a4 Nf6 10.Bb5 axb5 11.axb5 Rxa1 12.bxc6 bxc6 13.Na3 Be7 14.Qa4 Bd7 15.Bg5 Rxf1+
16.Kxf1 O-O 17.Qa7 Rd8 18.f3 h6 19.Be3 e5 20.b4 Kf8 21.c4 d5 22.exd5 cxd5
23.Bb6 Rc8 24.c5 Bf5 25.Kf2 e4 26.g4 Be6 27.Nc2 exf3 28.h3 h5 29.Nd4 hxg4
30.Nxe6+ fxe6 31.hxg4 e5 32.Kxf3 e4+ 33.Kf4 g5+ 34.Kf5 e3 35.c6 e2 36.Bf2 Kf7
37.Qa6 Ne4 38.Be1 Re8 39.Qa2 Nf6 40.b5 Bd6 41.Qa7+ Re7 42.Qd4 Re6 43.b6 Bf4
44.Qa1 Ne8 45.Qa7+ Re7 46.Qxe7+ Kxe7 47.Kg6 Kd6 48.c7 Nxc7 49.bxc7 Kxc7  0-1

[Event "Elitzur Winter GM"]
[Site "Petach Tikva ISR"]
[Date "2011.03.16"]
[Round "9"]
[White "Gruenfeld,Y"]
[Black "Zubov,A UKR"]
[Result "1/2-1/2"]
[WhiteElo "2472"]
[BlackElo "2589"]

1.e4 c5 2.Nf3 e6 3.d4 cxd4 4.Nxd4 a6 5.Bd3 Bc5 6.Nb3 Be7 7.f4 d6 8.Be3 Nf6
9.N1d2 Qc7 10.Qe2 Nc6 11.c3 O-O  1/2-1/2

[Event "ch-PriFO A"]
[Site "Tolyatti RUS"]
[Date "2011.03.16"]
[Round "7.10"]
[White "Korchmar,V"]
[Black "Tunik,G"]
[Result "1/2-1/2"]
[WhiteElo "2232"]
[BlackElo "2436"]

1.e4 c5 2.Nf3 e6 3.d4 cxd4 4.Nxd4 a6 5.Bd3 Nf6 6.O-O d6 7.c4 Nbd7 8.Nc3 Ne5
9.Be2 Ng6 10.Be3 Be7 11.a4 O-O 12.a5 Re8 13.Qd2 Bf8 14.Rfd1 Bd7 15.b3 Rc8
16.Nc2 Qc7 17.g3 Bc6 18.Bf3 Qb8 19.Bg2 h6 20.h3 e5 21.Nb4 Bd7 22.Nbd5 Nxd5
23.Nxd5 Be6 24.Rac1 Ne7 25.Qd3 Nxd5 26.cxd5 Bd7 27.Qb1 Be7 28.Bf1 Bg5 29.Bxg5 hxg5
30.Rxc8 Rxc8 31.Rc1 Rxc1 32.Qxc1 Qd8 33.Qc3 g6 34.g4 Kg7 35.Qb4 Qc7 36.Bc4 f6
37.Qb6 Qxb6 38.axb6 a5 39.Ba6 Bc8 40.Bb5 Kf7 41.f3 Ke7 42.Kf2 Bd7 43.Bxd7  1/2-1/2

[Event "UT Dallas GM Invitational"]
[Site "Richardson USA"]
[Date "2011.03.18"]
[Round "11"]
[White "Panchanathan,M"]
[Black "Zivanic,M"]
[Result "1-0"]
[WhiteElo "2542"]
[BlackElo "2497"]

1.e4 c5 2.Nf3 e6 3.d4 cxd4 4.Nxd4 a6 5.Bd3 Bc5 6.Nb3 Be7 7.O-O d6 8.c4 b6
9.Nc3 Bb7 10.Qe2 Nf6 11.Bd2 Nbd7 12.f4 O-O 13.Kh1 Re8 14.Rae1 Bf8 15.Bb1 g6
16.Rf3 Qc7 17.Rh3 h5 18.Bc1 Rac8 19.Nd2 Bg7 20.Rg3 d5 21.e5 Ng4 22.h3 Nh6
23.cxd5 exd5 24.Nb3 Nc5 25.Nd4 Ne6 26.Rd3 b5 27.a3 Qd7 28.Nxe6 Qxe6 29.Ba2 Nf5
30.Qf2 Ne7 31.Red1 Qf5 32.Be3 Red8 33.Bc5 Rd7 34.b4 d4 35.Qf1 h4 36.Kg1 Nc6
37.Ne2 Bf8 38.Qe1 Bxc5 39.bxc5 Qe4 40.Qf2 Rcd8 41.e6 fxe6 42.f5 Ne5 43.fxe6 Nxd3
44.exd7+ Kg7 45.Rxd3 Qxd3 46.Nxd4 Rxd7 47.Ne6+ Kh7 48.Qxh4+ Kg8 49.Nf4+  1-0

[Event "ch-Southern FR Men"]
[Site "Armavir RUS"]
[Date "2011.03.19"]
[Round "8"]
[White "Makarkin,Z"]
[Black "Sukhareva,E"]
[Result "0-1"]
[WhiteElo "2146"]
[BlackElo "2180"]

1.e4 c5 2.Nf3 e6 3.d4 cxd4 4.Nxd4 a6 5.Bd3 Nf6 6.O-O Qc7 7.Qe2 d6 8.c4 g6
9.Nc3 Bg7 10.Be3 Nbd7 11.f3 O-O 12.b3 b6 13.Rac1 Bb7 14.Kh1 Rac8 15.Bb1 Qb8
16.Qf2 d5 17.cxd5 exd5 18.exd5 Nxd5 19.Nxd5 Bxd5 20.Rfd1 Qb7 21.Rxc8 Rxc8
22.Qd2 Re8 23.Qf2 Be5 24.Ne2 Bg7 25.Bd4 Bxd4 26.Nxd4 Qc7 27.Nc2 Nf6 28.Qd4 Re6
29.Kg1 Qe7 30.Kf1 h5 31.Re1 Rxe1+ 32.Nxe1 Qe6 33.Bd3 a5 34.Nc2 Ne8 35.Ne3 Nc7
36.Kf2 Kh7 37.h3 Kg8 38.f4 Qc6 39.h4 Qc5 40.Qxc5 bxc5 41.f5 Kg7 42.fxg6 fxg6
43.Bc4 Be4 44.Kg3 Kf6 45.Kf4 Bb1 46.Nd1 Bf5 47.Nc3 Ne6+ 48.Ke3 Ke5 49.Na4 Kd6
50.Bxe6 Bxe6 51.Kd3 Bf5+ 52.Kc4 Ke5 53.Nc3 Kf4 54.Ne2+ Ke3 55.Ng3 Bb1 56.a3 Kf2
57.Nxh5 gxh5 58.Kxc5 Bc2  0-1

[Event "Kiev Spring 2011"]
[Site "Kiev UKR"]
[Date "2011.03.19"]
[Round "1.18"]
[White "Grygoriev,Oleksii"]
[Black "Pitkanen,Ju"]
[Result "1-0"]
[WhiteElo "2161"]
[BlackElo "1735"]

1.e4 c5 2.Nf3 e6 3.d4 cxd4 4.Nxd4 a6 5.Bd3 Bc5 6.Nb3 Be7 7.O-O d6 8.c4 Nf6
9.Nc3 b6 10.Nd4 Bb7 11.b3 Nc6 12.Nxc6 Bxc6 13.Qe2 O-O 14.Bb2 Nd7 15.f4 Bf6
16.Kh1 Qc7 17.Rad1 Rad8 18.a4 Rfe8 19.Bc2 Be7 20.Rd3 Nf8 21.Rg3 e5 22.fxe5 dxe5
23.Nd5 Bxd5 24.exd5 Bd6 25.Qh5 g6 26.Qh6 Kh8 27.h4 Be7 28.Rxf7 Qd6 29.Qg7+  1-0

[Event "ch-Moscow S/F 2011"]
[Site "Moscow RUS"]
[Date "2011.03.24"]
[Round "7"]
[White "Eliseev,U"]
[Black "Stukopin,A"]
[Result "1-0"]
[WhiteElo "2359"]
[BlackElo "2475"]

1.e4 c5 2.Nf3 e6 3.d4 cxd4 4.Nxd4 a6 5.Bd3 Qc7 6.O-O Nf6 7.Nc3 Nc6 8.Nxc6 dxc6
9.f4 e5 10.f5 Bc5+ 11.Kh1 h5 12.a4 b6 13.Nb1 Bb7 14.Nd2 h4 15.Qe1 h3 16.g3 O-O-O
17.Qe2 a5 18.Nf3 Rd7 19.Ba6 Ng4 20.Bxb7+ Kxb7 21.Ne1 Nf6 22.Bg5 Qd6 23.Nd3 Qd4
24.Bxf6 gxf6 25.Rad1 Rhd8 26.b3 Qe3 27.Qxe3 Bxe3 28.Rf3 Bg5 29.g4 Rd4 30.Rxh3 Kc7
31.Re1 c5 32.Rh7 c4 33.bxc4 R8d7 34.h4 Bd2 35.Re2 Bc3 36.g5 fxg5 37.hxg5 Rxc4
38.g6 fxg6 39.fxg6 Kd6 40.g7 Rc8 41.Rh8 Rdd8 42.Rxd8+ Rxd8 43.Rg2 Rg8 44.Rg6+ Ke7
45.Rxb6 Rxg7 46.Rb7+ Kf6 47.Rxg7 Kxg7 48.Kg2 Kf6 49.Kf3 Ke6 50.Nc5+ Kd6 51.Nb3 Kc6
52.Ke2 Bb4 53.Kd3 Be1 54.Kc4  1-0

[Event "Caissa GM March 2011"]
[Site "Kecskemet HUN"]
[Date "2011.03.25"]
[Round "8.1"]
[White "Groszpeter,A"]
[Black "Natsidis,C"]
[Result "1/2-1/2"]
[WhiteElo "2525"]
[BlackElo "2329"]

1.e4 c5 2.Nf3 e6 3.d4 cxd4 4.Nxd4 a6 5.Bd3 Nf6 6.O-O Qc7 7.Qe2 d6 8.c4 g6
9.Nc3 Bg7 10.Nf3 O-O 11.Bf4 Nc6 12.Rac1 e5 13.Be3 Bg4 14.Nd5 Qd8 15.Bb6 Nd4
16.Bxd8 Nxe2+ 17.Bxe2 Nxd5 18.cxd5 Rfxd8 19.Rc7 Rdc8 20.Rxb7 Rab8 21.Rxb8 Rxb8
22.b3 Bxf3 23.Bxf3 Rc8 24.Rb1 a5 25.a3 Bh6 26.b4 axb4 27.axb4 Bg5 28.Be2 Rc2
29.Kf1 Bd8 30.g3 h6 31.Ra1  1/2-1/2

[Event "TCh-HUN 2010-11"]
[Site "Budapest HUN"]
[Date "2011.03.27"]
[Round "7"]
[White "Torok,S"]
[Black "Fogarasi,T"]
[Result "1/2-1/2"]
[WhiteElo "2298"]
[BlackElo "2420"]

1.e4 c5 2.Nf3 e6 3.d4 cxd4 4.Nxd4 a6 5.Bd3 Qb6 6.c3 d6 7.O-O Nf6 8.Kh1 Nc6
9.f4 Bd7 10.Nf3 d5 11.e5 Ng4 12.Qe2 Bc5 13.b4 Nf2+ 14.Rxf2 Bxf2 15.a4 a5
16.Ra2 axb4 17.Qxf2 Qxf2 18.Rxf2 Rxa4 19.Rb2 bxc3 20.Rxb7 Rb4 21.Rb5 Rxb5
22.Bxb5 Nxe5 23.fxe5 Bxb5 24.Nxc3 Bd3 25.Be3 Kd7 26.Kg1 Rb8 27.Kf2 Rb2+ 28.Bd2 Bg6
29.Ke3 f6 30.Ne2 Ke7 31.Bc3 Ra2 32.Bb4+ Kf7 33.Bc3 Be4 34.Bd4 h6 35.h3 f5
36.h4 Bxf3 37.Kxf3 g5 38.hxg5 hxg5 39.g3 Ra3+ 40.Be3 Kg6 41.Nd4 Ra6 42.Bf2 Kh6
43.Bg1 Kh5 44.Be3 Kg6 45.Bf2 Ra3+ 46.Be3 Ra6  1/2-1/2

[Event "TCh-HUN 2010-11"]
[Site "Budapest HUN"]
[Date "2011.03.27"]
[Round "7"]
[White "Feher,Ad"]
[Black "Izsak,Gyu"]
[Result "0-1"]
[WhiteElo "2348"]
[BlackElo "2472"]

1.e4 c5 2.Nf3 e6 3.d4 cxd4 4.Nxd4 a6 5.Bd3 Nf6 6.O-O Qc7 7.Qe2 d6 8.c4 Be7
9.Nc3 Nc6 10.Nxc6 bxc6 11.f4 Nd7 12.Bd2 Rb8 13.b3 Bf6 14.Kh1 e5 15.f5 a5
16.Rad1 Nc5 17.Be3 Ba6 18.Bc2 Be7 19.Qg4 Bf6 20.Bxc5 dxc5 21.Na4 Rd8 22.Nxc5 Bc8
23.Rxd8+ Qxd8 24.Qe2 O-O 25.Rd1 Qb6 26.Na4 Qb4 27.Qd2 Be7 28.Kg1 g6 29.Qxb4 axb4
30.Kf2 Kg7 31.Kf3 Kf6 32.g4 h5 33.h3 hxg4+ 34.hxg4 Rh8 35.Kg3 g5 36.Bd3 Rd8
37.Be2 Rxd1 38.Bxd1 Bd8 39.Be2 Ba6 40.Kf3 Be7 41.c5 Bb7 42.Bc4 Kg7 43.Ke3 Kf8
44.Kd2 Ke8 45.Kc2 f6 46.Kb2 Kd8 47.a3 bxa3+ 48.Kxa3 Kc7 49.b4 Bf8 50.Nc3 Be7
51.Ne2 Bf8 52.Ng3 Be7 53.Nh5 Bc8 54.Ka4 Bb7 55.Ng7 Kb8 56.Ne8 Bc8 57.Nd6 Kc7
58.Ka5 Bd8 59.Nf7 Be7 60.Bb3 Bf8 61.Be6 Bb7 62.Nd6 Be7 63.Nc4 Bd8 64.Nb6 Kb8
65.Ka4 Bxb6 66.cxb6 Ba6 67.b5 Bxb5+ 68.Kb4 Bd3 69.Kc5 Bxe4 70.Kd6 Bf3 71.Ke7 e4
72.Kxf6 e3 73.Bc4 Bxg4 74.Kxg5 e2  0-1

[Event "TCh-HUN 2010-11"]
[Site "Szombathely HUN"]
[Date "2011.03.27"]
[Round "7"]
[White "Csonka,A1"]
[Black "Papp,T1"]
[Result "1-0"]
[WhiteElo "2378"]
[BlackElo "2316"]

1.e4 c5 2.Nf3 e6 3.d4 cxd4 4.Nxd4 a6 5.Bd3 g6 6.O-O Bg7 7.Nf3 Ne7 8.c4 O-O
9.Nc3 Nbc6 10.Qe2 d5 11.Rd1 d4 12.Na4 b6 13.e5 Qc7 14.Bf4 Bb7 15.a3 Rfd8
16.b4 Rd7 17.Rac1 Qd8 18.Bg5 h6 19.Bf6 Bxf6 20.exf6 Nc8 21.Ne5 Nxe5 22.Qxe5 Na7
23.Qf4 Kh7 24.c5 Rd5 25.Be4 bxc5 26.Nxc5 Bc6 27.Rd3 e5 28.Qh4 Rd6 29.Rh3 Qf8
30.g4 Kg8 31.Re1 Bxe4 32.Nxe4 Rc6 33.Qg3 Nb5 34.Nc5 Rd8 35.Qxe5 Nd6 36.Qxd4 g5
37.Rhe3 Rcc8 38.Qc3 Nb5 39.Qe5 Nd4 40.h4 Nc2 41.hxg5 Nxe1 42.Rxe1 Re8 43.Qc3 Rxe1+
44.Qxe1 hxg5 45.Qe5 Qh6 46.Kg2 Qh4 47.Qf5 Rc6 48.Ne4 Re6 49.Nxg5 Rxf6 50.Qc8+ Kg7
51.Nf3 Rxf3 52.Kxf3 Qh3+ 53.Kf4 Qxa3 54.Qc5 Qd3 55.Qe5+ Kg8 56.Qe4 Qd2+ 57.Kg3 Qc3+
58.f3 Kg7 59.g5 Qa1 60.Kg4 Qf1 61.Kf5 Qh3+ 62.Ke5 Qd7 63.Qd4 Qe6+ 64.Kf4+ Kg8
65.Qc5 Qe2 66.Qc8+ Kg7 67.Qc3+ Kg8 68.Kg3 Qe6 69.f4 Qe4 70.Qc8+ Kh7 71.Qxa6 Qxb4
72.Qd3+ Kg7 73.f5 Qe1+ 74.Kg2 Qh4 75.f6+ Kg8 76.Qf5 Qc4 77.Kg3 Qc3+ 78.Qf3 Qe1+
79.Kh3 Qe6+ 80.Kh4 Qe5 81.Kg4 Qe6+ 82.Kh5 Qe5 83.Qd3 Qh2+ 84.Kg4 Qg2+ 85.Kh4 Qh2+
86.Kg4 Qg2+ 87.Kf4 Qh2+ 88.Qg3 Qd2+ 89.Kg4 Qe2+ 90.Qf3 Qe6+ 91.Kh5 Qe5 92.Qa8+ Kh7
93.Qa2 Qc7 94.Qe2 Qb7 95.Qd3+ Kh8 96.Qe3 Kh7 97.Kg4 Qg2+ 98.Kf4 Qh2+ 99.Kf5 Qh1
100.Qe4 Qh5 101.Ke5+ Kg8 102.Kd6 Qh2+ 103.Qe5 Qd2+ 104.Qd5 Qb4+ 105.Kd7 Qb6
106.Qa8+ Kh7 107.Qe4+  1-0

[Event "Bocharov Memorial"]
[Site "Borisoglebsk RUS"]
[Date "2011.04.03"]
[Round "7"]
[White "Novikov,Pavel"]
[Black "Peskov,A"]
[Result "0-1"]
[WhiteElo "1786"]
[BlackElo "2370"]

1.e4 c5 2.Nf3 e6 3.d4 cxd4 4.Nxd4 a6 5.Bd3 Bc5 6.Nb3 Be7 7.O-O d6 8.c4 Nf6
9.Nc3 O-O 10.Be3 b6 11.Qe2 Bb7 12.Rfd1 Qc7 13.Rac1 Nbd7 14.Nd4 Nc5 15.f3 Nxd3
16.Qxd3 Rac8 17.b3 Rfd8 18.Qe2 Ba8 19.Qf2 Qb8 20.Nde2 Nd7 21.Nd4 Re8 22.Kh1 Rc7
23.Qd2 Rec8 24.Bf4 Ne5 25.Nde2 Bc6 26.Bg5 Bf8 27.Nd4 Be8 28.Bf4 b5 29.cxb5 axb5
30.Nce2 Ng6 31.Be3 Qb7 32.Rxc7 Rxc7 33.Ng3 d5 34.exd5 Qxd5 35.Qe2 b4 36.Bg1 Qb7
37.Qe4 Qa6 38.Qe2 Qc8 39.Qe4 Rd7 40.Qb1 Rd5 41.Nde2 Bc6 42.Rxd5 Bxd5 43.Qc1 Qa8
44.Qc2 Bxf3 45.Nd4 Bd5 46.Be3 Nh4  0-1

[Event "Telin International Open"]
[Site "Jakarta INA"]
[Date "2011.04.03"]
[Round "3.4"]
[White "Barua,D"]
[Black "Laksana,Agusta"]
[Result "1-0"]
[WhiteElo "2468"]
[BlackElo "2353"]

1.e4 c5 2.Nf3 e6 3.d4 cxd4 4.Nxd4 a6 5.Bd3 Nf6 6.O-O Qc7 7.Qe2 d6 8.c4 Nbd7
9.b3 b6 10.Bb2 Bb7 11.Nd2 Be7 12.f4 g6 13.Rae1 e5 14.Nc2 O-O 15.f5 Nh5 16.g3 Nhf6
17.Ne3 Nc5 18.Bb1 Ncxe4 19.Nxe4 Nxe4 20.Bxe4 Bxe4 21.f6 Bd8 22.Qg4 Bb7 23.Qg5 Qc6
24.Nd5 Qc5+ 25.Rf2 Bxd5 26.cxd5 b5 27.Rc1 Qxd5 28.Qh6 Bxf6 29.Rxf6 Rac8 30.Rff1 Rxc1
31.Qxc1 Qb7 32.Qd2 Qb6+ 33.Qf2 Rb8 34.Qxb6 Rxb6 35.Rf6 e4 36.Be5 Rc6 37.Rxd6 Rxd6
38.Bxd6 f5 39.Kf2 Kf7 40.Ke3 Ke6 41.Bf4 Kd5 42.Bh6 a5 43.Bg7 a4 44.h4 Kc5
45.Bf8+ Kd5 46.Kd2 axb3 47.axb3 Kd4 48.Bh6  1-0

[Event "Telin International Open"]
[Site "Jakarta INA"]
[Date "2011.04.06"]
[Round "8.9"]
[White "Pitra,Andika"]
[Black "Tjhin,I"]
[Result "1-0"]
[WhiteElo "2303"]
[BlackElo "2345"]

1.e4 c5 2.Nf3 e6 3.d4 cxd4 4.Nxd4 a6 5.Bd3 Nf6 6.O-O Qc7 7.Nc3 b5 8.Qe2 d6
9.a4 b4 10.Na2 d5 11.e5 Nfd7 12.Bf4 Nc6 13.Nxc6 Qxc6 14.Nc1 Nc5 15.Nb3 Be7
16.Nd4 Qc7 17.Bd2 Rb8 18.Kh1 O-O 19.Qh5 h6 20.Rae1 f5 21.Bxh6 Nxd3 22.cxd3 Bd8
23.Bg5 Bxg5 24.Qxg5 Qc5 25.Qh4 Bd7 26.Nf3 Be8 27.Ng5  1-0

[Event "TCh-NED"]
[Site "Netherlands NED"]
[Date "2011.04.09"]
[Round "8.7"]
[White "Rijnaarts,S"]
[Black "Lemmers,O"]
[Result "1/2-1/2"]
[WhiteElo "2262"]
[BlackElo "2395"]

1.e4 c5 2.Nf3 e6 3.d4 cxd4 4.Nxd4 a6 5.Bd3 Bc5 6.Nb3 Be7 7.O-O d6 8.Qg4 g6
9.Qe2 Nd7 10.Rd1 Qc7 11.c4 b6 12.Nc3 Bb7 13.Bf4 Ngf6 14.Rac1 O-O 15.Nd2 Rfe8
16.f3 Rac8 17.Qf2 Qb8 18.Kh1 Bd8 19.Be2 Bc7 20.Nf1 Kh8 21.Qh4 d5 22.Bxc7 Rxc7
23.e5 Ng8 24.cxd5 exd5 25.Qd4 Nc5 26.b4 Ne6 27.Qd2 d4 28.Na4 Rxc1 29.Rxc1 Qxe5
30.Nxb6 Nf4 31.Bd3 Nf6 32.Nc4 Qg5 33.Nd6 Re7 34.Nxb7 Re2 35.Rc8+ Kg7 36.Qxe2 Nxe2
37.Bxe2 Qd5 38.Nc5 Qxa2 39.Bxa6 Nd5 40.Bc4 Qf2 41.Ne4 Qc2 42.Ned2 Ne3 43.b5 Nxf1
44.Nxf1 d3 45.b6 d2 46.b7 d1=Q 47.b8=Q Qxc4 48.Qe5+ Kh6 49.Qe3+ Kg7 50.Qe5+ Kh6
51.Qe3+ g5 52.Rxc4 Qxf1+ 53.Qg1 Qxc4  1/2-1/2

[Event "Karposh Open"]
[Site "Skopje MKD"]
[Date "2011.04.09"]
[Round "9"]
[White "Stojcevski,Z"]
[Black "Hadzi Manev,L"]
[Result "1-0"]
[WhiteElo "2377"]
[BlackElo "2184"]

1.e4 c5 2.Nf3 e6 3.d4 cxd4 4.Nxd4 a6 5.Bd3 b5 6.a4 b4 7.O-O Bc5 8.Nb3 Be7
9.a5 Bb7 10.Be3 d6 11.Qe1 Nc6 12.f4 Nf6 13.N1d2 d5 14.e5 Nd7 15.Nf3 g6 16.Qg3 Qc7
17.Ng5 Nd8 18.Nf3 Nc5 19.Nxc5 Bxc5 20.Qf2 Rc8 21.Bxc5 Qxc5 22.Qxc5 Rxc5 23.Nd4 Kd7
24.Ra4 Bc6 25.Nb3 Rc4 26.Raa1 Bb5 27.Bxc4 Bxc4 28.Rf3 Nc6 29.Nc5+ Kc7 30.b3 Bb5
31.c4 dxc4 32.bxc4 Bxc4 33.Rc1 Bb5 34.Ne4 Kd7 35.Rf2 Rb8 36.Nc5+ Kc7 37.Rd2 Rd8
38.Rxd8 Kxd8 39.Nxa6 Nxa5 40.Nxb4 Nc4 41.Kf2 Ke7 42.Ra1 h5 43.Ra7+ Kf8 44.g3 Nd2
45.Rc7 g5 46.Rb7 Ba4 47.Ke2 Ne4 48.Ke3 f5 49.exf6 Nxf6 50.fxg5 Ng4+ 51.Kf4 Nxh2
52.g6 Bd1 53.Nd3 Ng4 54.Ne5 Nf2 55.Rf7+ Kg8 56.Nd7 Nh3+ 57.Ke5 Ng5 58.Nf6+ Kh8
59.g7+  1-0

[Event "Karposh Open"]
[Site "Skopje MKD"]
[Date "2011.04.09"]
[Round "9"]
[White "Kacakovski,D"]
[Black "Tairi,K"]
[Result "1-0"]
[WhiteElo "2150"]
[BlackElo "1690"]

1.e4 c5 2.Nf3 e6 3.d4 cxd4 4.Nxd4 a6 5.Bd3 Qc7 6.O-O Nf6 7.c4 Nc6 8.Nxc6 dxc6
9.Be3 e5 10.Nc3 Be6 11.Na4 b5 12.Nc5 Bxc5 13.Bxc5 Rd8 14.cxb5 axb5 15.Re1 Bc4
16.Re3 Bxd3 17.Rxd3 Nxe4 18.Ba3 f6 19.Rxd8+ Qxd8 20.Qg4 Qd4 21.Qxg7 Qxf2+
22.Kh1 Qe3 23.Qe7+  1-0

[Event "TCh-HUN 2010-11"]
[Site "Kazincbarcika HUN"]
[Date "2011.04.10"]
[Round "8"]
[White "Csonka,A1"]
[Black "Hando,V"]
[Result "0-1"]
[WhiteElo "2378"]
[BlackElo "2308"]

1.e4 c5 2.Nf3 e6 3.d4 cxd4 4.Nxd4 a6 5.Bd3 Nf6 6.O-O Qc7 7.Qe2 d6 8.c4 g6
9.Nc3 Bg7 10.Rd1 O-O 11.Nf3 Nc6 12.h3 Nd7 13.Be3 Nde5 14.Rac1 f5 15.exf5 gxf5
16.Nxe5 dxe5 17.Nd5 Qf7 18.Nb6 Rb8 19.Bc5 Rd8 20.Bb1 Nd4 21.Qe3 Bd7 22.Re1 Bc6
23.Qg3 Kh8 24.f3 Rg8 25.Qf2 Bf6 26.Bxd4 exd4 27.Re2 d3 28.Rd2 Rbd8 29.Rxd3 Rxd3
30.Bxd3 Qg7  0-1